[Event "EU-Cup 04th quarterfinal"]
[Site "Rotterdam"]
[Date "1984.??.??"]
[Round "3.2"]
[White "Ostermeyer, Peter"]
[Black "Keene, Raymond"]
[Result "0-1"]
[WhiteElo "2460"]
[BlackElo "2475"]
[PlyCount "62"]
[EventDate "1984.??.??"]
[EventType "team-match"]
[EventRounds "2"]
[EventCountry "NED"]
[SourceTitle "EXT 2020"]
[Source "ChessBase"]
[SourceDate "2019.10.17"]
[SourceVersion "1"]
[SourceVersionDate "2019.10.17"]
[SourceQuality "1"]
[WhiteTeam "Koeln Porz"]
[BlackTeam "Rotterdam Volmac"]
[WhiteTeamCountry "GER"]
[BlackTeamCountry "NED"]

1. d4 Nf6 2. c4 d6 3. Nc3 g6 4. e4 Bg7 5. f3 0-0 6. Be3 Nc6 7. Nge2 a6 8. a3 Bd7 9. b4 b5 10. cxb5 axb5 11. d5 Na7 12. Nd4 e6 13. dxe6 fxe6 14. Rc1 Nh5 15. Qd2 Be5 16. Nce2 c6 17. g4 Nf6 18. g5 Nh5 19. f4 Bg7 20. Qa2 Kh8 21. Nxe6 Bxe6 22. Qxe6 Nc8 23. Rxc6 Rxa3 24. Kf2 Re8 25. Qg4 Ne7 26. Rc2 Nd5 27. exd5 Raxe3 28. Ng3 Qb6 29. Kg2 Qd4 30. Rg1 Nxg3 31. hxg3 Qe4+ 0-1

[Event "Lloyds Bank op 07th"]
[Site "London"]
[Date "1983.08.29"]
[Round "6"]
[White "Jacobs, Byron A"]
[Black "Keene, Raymond"]
[Result "0-1"]
[WhiteElo "2255"]
[BlackElo "2490"]
[PlyCount "90"]
[EventDate "1983.08.24"]
[EventType "swiss"]
[EventRounds "9"]
[EventCountry "ENG"]
[SourceTitle "EXT 2000"]
[Source "ChessBase"]
[SourceDate "1999.11.16"]
[SourceVersion "1"]
[SourceVersionDate "1999.11.16"]
[SourceQuality "1"]

1. Nf3 Nf6 2. d4 d6 3. c4 Bg4 4. e3 Nbd7 5. Nc3 e5 6. Be2 Be7 7. 0-0 0-0 8. b3 Re8 9. Bb2 Bf8 10. h3 Bh5 11. Qd2 c6 12. b4 e4 13. Ne1 Bxe2 14. Qxe2 d5 15. Nc2 Nb6 16. c5 Nc4 17. Na3 Nxa3 18. Bxa3 b5 19. cxb6 axb6 20. Qb2 Bd6 21. Qb3 Nh5 22. Bb2 Qg5 23. Ne2 Re6 24. Kh1 Rg6 25. Rg1 Qh4 26. Rgf1 Re8 27. Qa4 b5 28. Qa6 Bxb4 29. Rac1 Qg5 30. Rg1 Qf6 31. Rgf1 h6 32. Ba3 Bxa3 33. Qxa3 Re6 34. Qa8+ Kh7 35. Qb8 Rxg2 36. Kxg2 Qf3+ 37. Kh2 Qxe2 38. Rg1 Qxf2+ 39. Rg2 Qxe3 40. Rf1 Qxd4 41. Rf5 Rg6 42. Rxh5 Rxg2+ 43. Kxg2 Qd2+ 44. Kg3 Qe3+ 45. Kh4 g5+ 0-1

[Event "Aarhus Lux Time Cup"]
[Site "Aarhus"]
[Date "1983.05.03"]
[Round "2"]
[White "Keene, Raymond"]
[Black "Helmers, Knut Jaran"]
[Result "1/2-1/2"]
[WhiteElo "2490"]
[BlackElo "2465"]
[PlyCount "32"]
[EventDate "1983.05.02"]
[EventType "tourn"]
[EventRounds "11"]
[EventCountry "DEN"]
[EventCategory "7"]
[SourceTitle "MCL"]
[Source "ChessBase"]
[SourceDate "1999.07.01"]
[SourceVersion "1"]
[SourceVersionDate "1999.07.01"]
[SourceQuality "1"]

1. Nf3 Nf6 2. c4 c5 3. Nc3 e6 4. e3 Nc6 5. d4 d5 6. cxd5 exd5 7. Bb5 Bd6 8. dxc5 Bxc5 9. 0-0 0-0 10. b3 Re8 11. Bb2 Bg4 12. Rc1 Bd6 13. Na4 Rc8 14. h3 Bh5 15. Bxf6 Qxf6 16. Qxd5 Bxf3 1/2-1/2

[Event "Gausdal Jubilee"]
[Site "Gausdal"]
[Date "1983.??.??"]
[Round "2"]
[White "Agdestein, Simen"]
[Black "Keene, Raymond"]
[Result "1/2-1/2"]
[WhiteElo "2380"]
[BlackElo "2490"]
[PlyCount "57"]
[EventDate "1983.04.??"]
[EventType "swiss"]
[EventRounds "9"]
[EventCountry "NOR"]
[SourceTitle "MCD"]
[Source "ChessBase"]
[SourceDate "1999.07.01"]
[SourceVersion "1"]
[SourceVersionDate "1999.07.01"]
[SourceQuality "1"]

1. d4 g6 2. c4 Bg7 3. Nc3 d6 4. e4 Nc6 5. d5 Nd4 6. Be3 c5 7. Nge2 Qb6 8. Nxd4 cxd4 9. Na4 dxe3 10. Nxb6 exf2+ 11. Kxf2 axb6 12. Qc2 Bd4+ 13. Ke1 Nf6 14. Be2 0-0 15. Rd1 Be5 16. a4 h5 17. b3 Bd7 18. Qd3 e6 19. dxe6 Bxe6 20. Bf3 Nd7 21. Kf2 b5 22. axb5 Ra2+ 23. Rd2 Nc5 24. Qe3 Rxd2+ 25. Qxd2 Nxb3 26. Qc2 Bd4+ 27. Kg3 Be5+ 28. Kf2 Bd4+ 29. Kg3 1/2-1/2

[Event "Gausdal Jubilee"]
[Site "Gausdal"]
[Date "1983.??.??"]
[Round "7"]
[White "Keene, Raymond"]
[Black "Fries Nielsen, Jens Ove"]
[Result "1-0"]
[WhiteElo "2490"]
[BlackElo "2440"]
[PlyCount "83"]
[EventDate "1983.04.??"]
[EventType "swiss"]
[EventRounds "9"]
[EventCountry "NOR"]
[SourceTitle "MCD"]
[Source "ChessBase"]
[SourceDate "1999.07.01"]
[SourceVersion "1"]
[SourceVersionDate "1999.07.01"]
[SourceQuality "1"]

1. Nf3 Nf6 2. c4 c5 3. Nc3 e6 4. e3 Nc6 5. d4 d5 6. cxd5 exd5 7. Bb5 Bd6 8. dxc5 Bxc5 9. 0-0 0-0 10. b3 Bg4 11. Bb2 Rc8 12. Rc1 Bd6 13. Be2 a6 14. Nd4 Bxe2 15. Ncxe2 Ne7 16. Nf3 Rxc1 17. Qxc1 Ne4 18. Nc3 Qd7 19. Qd1 Nxc3 20. Bxc3 Rc8 21. Bb2 Qg4 22. Re1 Qe4 23. Re2 f6 24. Rd2 Bb4 25. Rd3 Qe6 26. h3 Qc6 27. Nd4 Qd7 28. Ne2 Qc7 29. Nc3 Bxc3 30. Rxc3 Qa5 31. Rxc8+ Nxc8 32. Qg4 Qc7 33. Bxf6 Nd6 34. Be5 Qe7 35. Bxd6 Qxd6 36. Qc8+ Kf7 37. Qxb7+ Kg6 38. Qc8 h6 39. Qc2+ Kf7 40. Qc3 Kg8 41. b4 Qd7 42. Qb3 1-0

[Event "EU-chT 08th Final"]
[Site "Plovdiv"]
[Date "1983.??.??"]
[Round "1.5"]
[White "Keene, Raymond"]
[Black "Kristiansen, Jens"]
[Result "1/2-1/2"]
[WhiteElo "2490"]
[BlackElo "2445"]
[PlyCount "54"]
[EventDate "1983.06.23"]
[EventType "team-tourn"]
[EventRounds "7"]
[EventCountry "BUL"]
[SourceTitle "EU-chT"]
[Source "ChessBase"]
[SourceDate "1999.07.01"]
[SourceVersion "2"]
[SourceVersionDate "1999.07.01"]
[SourceQuality "1"]
[WhiteTeam "England"]
[BlackTeam "Denmark"]
[WhiteTeamCountry "ENG"]
[BlackTeamCountry "DEN"]

1. Nf3 f5 2. d4 Nf6 3. g3 e6 4. Bg2 d5 5. 0-0 Bd6 6. c4 c6 7. Bf4 Bxf4 8. gxf4 0-0 9. Nbd2 Ne4 10. e3 Nd7 11. Nxe4 fxe4 12. Nd2 Nf6 13. f3 exf3 14. Nxf3 Qe7 15. Ne5 Nd7 16. Qb3 Nxe5 17. fxe5 Rxf1+ 18. Rxf1 Rb8 19. cxd5 cxd5 20. e4 dxe4 21. Bxe4 Bd7 22. Qf3 h6 23. Qg4 Bc6 24. Bxc6 bxc6 25. Rf6 Rxb2 26. Qxe6+ Qxe6 27. Rxe6 Rd2 1/2-1/2

[Event "EU-chT 08th Final"]
[Site "Plovdiv"]
[Date "1983.??.??"]
[Round "5.5"]
[White "Lau, Ralf"]
[Black "Keene, Raymond"]
[Result "1/2-1/2"]
[WhiteElo "2395"]
[BlackElo "2490"]
[PlyCount "33"]
[EventDate "1983.06.23"]
[EventType "team-tourn"]
[EventRounds "7"]
[EventCountry "BUL"]
[SourceTitle "EU-chT"]
[Source "ChessBase"]
[SourceDate "1999.07.01"]
[SourceVersion "2"]
[SourceVersionDate "1999.07.01"]
[SourceQuality "1"]
[WhiteTeam "German Fed Rep"]
[BlackTeam "England"]
[WhiteTeamCountry "GER"]
[BlackTeamCountry "ENG"]

1. e4 g6 2. d4 Bg7 3. Nc3 d6 4. f4 Nc6 5. Be3 Nf6 6. Nf3 0-0 7. Qd2 e5 8. dxe5 dxe5 9. Qxd8 Rxd8 10. fxe5 Ng4 11. Bg5 Rd7 12. Nd5 Ncxe5 13. Be2 Nxf3+ 14. gxf3 h6 15. Bh4 g5 16. Bg3 Ne5 17. 0-0-0 1/2-1/2

[Event "Dortmunder Schachtage-10"]
[Site "Dortmund"]
[Date "1982.04.16"]
[Round "10"]
[White "Keene, Raymond"]
[Black "Marjanovic, Slavoljub"]
[Result "1-0"]
[WhiteElo "2505"]
[BlackElo "2515"]
[PlyCount "95"]
[EventDate "1982.04.06"]
[EventType "tourn"]
[EventRounds "11"]
[EventCountry "GER"]
[EventCategory "10"]
[SourceTitle "MCL"]
[Source "ChessBase"]
[SourceDate "1999.07.01"]
[SourceVersion "1"]
[SourceVersionDate "1999.07.01"]
[SourceQuality "1"]

1. d4 d5 2. c4 dxc4 3. Nf3 Nf6 4. Nc3 c6 5. a4 Bf5 6. Ne5 e6 7. f3 Nbd7 8. e4 Bg6 9. Nxc4 Bb4 10. Bg5 h6 11. Bh4 Bh7 12. Be2 g5 13. Bf2 Qe7 14. 0-0 0-0 15. Na2 Nh5 16. Nxb4 Qxb4 17. Re1 Rad8 18. Qc1 f6 19. Qc3 Qxc3 20. bxc3 b6 21. a5 b5 22. Nb2 Nf4 23. Bf1 a6 24. Rad1 Kg7 25. Be3 e5 26. Rd2 Bg8 27. g3 Ne6 28. Red1 Rc8 29. Bh3 Rfe8 30. Nd3 Rc7 31. Nb4 Ra8 32. Bf2 c5 33. Nd5 Rb7 34. Ne7 cxd4 35. Nxg8 Ndc5 36. cxd4 Nxd4 37. Rxd4 exd4 38. Nxf6 Nb3 39. Nd5 Nxa5 40. Bxd4+ Kf7 41. e5 Nc6 42. e6+ Kg8 43. Bf6 a5 44. Rc1 Ra6 45. e7 Nxe7 46. Bxe7 Raa7 47. Be6+ Kh7 48. Bc5 1-0

[Event "Dortmunder Schachtage-10"]
[Site "Dortmund"]
[Date "1982.04.14"]
[Round "8"]
[White "Keene, Raymond"]
[Black "Karlsson, Lars"]
[Result "1/2-1/2"]
[WhiteElo "2505"]
[BlackElo "2500"]
[PlyCount "30"]
[EventDate "1982.04.06"]
[EventType "tourn"]
[EventRounds "11"]
[EventCountry "GER"]
[EventCategory "10"]
[SourceTitle "MCL"]
[Source "ChessBase"]
[SourceDate "1999.07.01"]
[SourceVersion "1"]
[SourceVersionDate "1999.07.01"]
[SourceQuality "1"]

1. d4 Nf6 2. c4 e6 3. Nf3 Bb4+ 4. Bd2 Qe7 5. g3 0-0 6. Bg2 Nc6 7. Nc3 Bxc3 8. Bxc3 Ne4 9. Rc1 d6 10. 0-0 f5 11. d5 Nd8 12. Nd2 Nxc3 13. Rxc3 e5 14. c5 Nf7 15. Qb3 f4 1/2-1/2

[Event "First Lady of Indonesia Cup"]
[Site "Surakarta"]
[Date "1982.03.06"]
[Round "21"]
[White "Keene, Raymond"]
[Black "Ardiansyah, Haji"]
[Result "1-0"]
[WhiteElo "2505"]
[BlackElo "2395"]
[PlyCount "77"]
[EventDate "1982.02.09"]
[EventType "tourn"]
[EventRounds "25"]
[EventCountry "INA"]
[EventCategory "9"]
[SourceTitle "MCD"]
[Source "ChessBase"]
[SourceDate "1999.07.01"]
[SourceVersion "1"]
[SourceVersionDate "1999.07.01"]
[SourceQuality "1"]

1. d4 Nf6 2. c4 e6 3. Nc3 Bb4 4. Bg5 0-0 5. Nf3 d5 6. e3 dxc4 7. Bxc4 a6 8. 0-0 b5 9. Bd3 Bb7 10. a4 bxa4 11. Be4 Bxe4 12. Nxe4 Nbd7 13. Nxf6+ Nxf6 14. Qxa4 Be7 15. Ne5 Nd5 16. Nc6 Qd6 17. Bxe7 Nxe7 18. Rfc1 Nd5 19. g3 h5 20. Qa3 f5 21. h4 Qd7 22. Ne5 Qb5 23. Rc6 Rfe8 24. Rxa6 Rxa6 25. Qxa6 Qxb2 26. Re1 Nf6 27. Qc6 Qb6 28. Qc2 Rb8 29. Rc1 Rb7 30. Nd3 Nd5 31. Nc5 Ra7 32. Rb1 Qd6 33. e4 Ne7 34. Qb3 Kf7 35. Re1 Nc6 36. Nxe6 Qxe6 37. d5 Qe5 38. dxc6+ Qe6 39. Qb8 1-0

[Event "First Lady of Indonesia Cup"]
[Site "Surakarta"]
[Date "1982.03.03"]
[Round "19"]
[White "Keene, Raymond"]
[Black "Hort, Vlastimil"]
[Result "1/2-1/2"]
[WhiteElo "2505"]
[BlackElo "2590"]
[PlyCount "30"]
[EventDate "1982.02.09"]
[EventType "tourn"]
[EventRounds "25"]
[EventCountry "INA"]
[EventCategory "9"]
[SourceTitle "MCD"]
[Source "ChessBase"]
[SourceDate "1999.07.01"]
[SourceVersion "1"]
[SourceVersionDate "1999.07.01"]
[SourceQuality "1"]

1. d4 Nf6 2. c4 e6 3. Nf3 b6 4. a3 Ba6 5. Qc2 d5 6. cxd5 exd5 7. Nc3 Be7 8. g3 0-0 9. Bg2 c5 10. 0-0 Nbd7 11. Rd1 Bb7 12. Be3 Re8 13. Ne5 Rc8 14. Bh3 a6 15. Nxd7 Nxd7 1/2-1/2

[Event "First Lady of Indonesia Cup"]
[Site "Surakarta"]
[Date "1982.03.01"]
[Round "17"]
[White "Christiansen, Larry Mark"]
[Black "Keene, Raymond"]
[Result "1/2-1/2"]
[WhiteElo "2585"]
[BlackElo "2505"]
[PlyCount "33"]
[EventDate "1982.02.09"]
[EventType "tourn"]
[EventRounds "25"]
[EventCountry "INA"]
[EventCategory "9"]
[SourceTitle "MCD"]
[Source "ChessBase"]
[SourceDate "1999.07.01"]
[SourceVersion "1"]
[SourceVersionDate "1999.07.01"]
[SourceQuality "1"]

1. e4 g6 2. d4 Bg7 3. Nc3 d6 4. f4 Nf6 5. Nf3 0-0 6. Bd3 Na6 7. f5 c5 8. fxg6 hxg6 9. d5 Nc7 10. a4 Bg4 11. 0-0 Nd7 12. Bf4 Ne5 13. Bxe5 Bxe5 14. Qd2 Bxf3 15. Rxf3 Kg7 16. Raf1 f6 17. Nd1 1/2-1/2

[Event "First Lady of Indonesia Cup"]
[Site "Surakarta"]
[Date "1982.02.25"]
[Round "14"]
[White "Keene, Raymond"]
[Black "Bellon Lopez, Juan Manuel"]
[Result "1-0"]
[WhiteElo "2505"]
[BlackElo "2400"]
[PlyCount "113"]
[EventDate "1982.02.09"]
[EventType "tourn"]
[EventRounds "25"]
[EventCountry "INA"]
[EventCategory "9"]
[SourceTitle "MCD"]
[Source "ChessBase"]
[SourceDate "1999.07.01"]
[SourceVersion "1"]
[SourceVersionDate "1999.07.01"]
[SourceQuality "1"]

1. d4 Nf6 2. c4 c5 3. d5 b5 4. Nf3 g6 5. Nbd2 Qa5 6. e4 Bg7 7. Qc2 0-0 8. Be2 d6 9. 0-0 a6 10. Rb1 e6 11. b3 Nh5 12. Rd1 f5 13. Nf1 e5 14. Ng5 Nf4 15. Bf3 Ra7 16. Bxf4 exf4 17. exf5 Bxf5 18. Be4 Re7 19. Bxf5 Rxf5 20. Ne6 Nd7 21. Nd2 Nf8 22. Nxg7 Kxg7 23. Ne4 Qd8 24. f3 h6 25. b4 cxb4 26. Rxb4 Rfe5 27. cxb5 axb5 28. Rxb5 g5 29. Qc6 g4 30. Qxd6 Qxd6 31. Nxd6 gxf3 32. gxf3 Re1+ 33. Rxe1 Rxe1+ 34. Kf2 Rh1 35. Kg2 Re1 36. a4 Ng6 37. Nf5+ Kf6 38. Nxh6 Nh4+ 39. Kf2 Ra1 40. Ng4+ Ke7 41. Ne5 Ra2+ 42. Kf1 Nf5 43. Ng6+ Kd6 44. Nxf4 Ra1+ 45. Kg2 Rxa4 46. Rb6+ Kc5 47. Rc6+ Kb5 48. Ne6 Ra2+ 49. Kh3 Rd2 50. Nc7+ Kb4 51. Kg4 Nd4 52. Rh6 Rg2+ 53. Kf4 Rg7 54. Ke4 Ne2 55. d6 Rd7 56. Kd5 Rf7 57. Rh4+ 1-0

[Event "First Lady of Indonesia Cup"]
[Site "Surakarta"]
[Date "1982.02.21"]
[Round "11"]
[White "Csom, Istvan"]
[Black "Keene, Raymond"]
[Result "1/2-1/2"]
[WhiteElo "2505"]
[BlackElo "2505"]
[PlyCount "89"]
[EventDate "1982.02.09"]
[EventType "tourn"]
[EventRounds "25"]
[EventCountry "INA"]
[EventCategory "9"]
[SourceTitle "MCD"]
[Source "ChessBase"]
[SourceDate "1999.07.01"]
[SourceVersion "1"]
[SourceVersionDate "1999.07.01"]
[SourceQuality "1"]

1. d4 g6 2. c4 Bg7 3. Nf3 Nf6 4. g3 0-0 5. Bg2 d6 6. 0-0 Nc6 7. Nc3 a6 8. Qd3 Bf5 9. e4 Bg4 10. d5 Bxf3 11. Qxf3 Nd4 12. Qd1 Nd7 13. Be3 c5 14. dxc6 Nxc6 15. Rc1 Nc5 16. Qe2 Ne6 17. f4 Ned4 18. Qf2 b5 19. Rfd1 e5 20. f5 Nb8 21. h3 Nd7 22. Ne2 Rc8 23. Nxd4 exd4 24. Bxd4 Ne5 25. c5 Qe7 26. cxd6 Rxc1 27. dxe7 Rxd1+ 28. Kh2 Re8 29. f6 Rxd4 30. Qxd4 Bxf6 31. Qd6 Kg7 32. Qxa6 b4 33. Qb5 Rxe7 34. Qxb4 Nd3 35. Qa3 Rd7 36. b4 Be5 37. Qa5 f6 38. Qb5 Rd4 39. a3 h5 40. h4 Nf2 41. Qe2 Ng4+ 42. Kg1 Bxg3 43. Bf3 Ne5 44. Qe3 Rd3 45. Qa7+ 1/2-1/2

[Event "First Lady of Indonesia Cup"]
[Site "Surakarta"]
[Date "1982.02.20"]
[Round "10"]
[White "Keene, Raymond"]
[Black "Gheorghiu, Florin"]
[Result "1/2-1/2"]
[WhiteElo "2505"]
[BlackElo "2550"]
[PlyCount "25"]
[EventDate "1982.02.09"]
[EventType "tourn"]
[EventRounds "25"]
[EventCountry "INA"]
[EventCategory "9"]
[SourceTitle "MCD"]
[Source "ChessBase"]
[SourceDate "1999.07.01"]
[SourceVersion "1"]
[SourceVersionDate "1999.07.01"]
[SourceQuality "1"]

1. Nf3 d5 2. d4 Nf6 3. c4 e6 4. Nc3 Be7 5. Bg5 h6 6. Bh4 0-0 7. Rc1 Nbd7 8. e3 dxc4 9. Bxc4 c5 10. 0-0 cxd4 11. Nxd4 Ne5 12. Bb3 Bd7 13. Bg3 1/2-1/2

[Event "First Lady of Indonesia Cup"]
[Site "Surakarta"]
[Date "1982.02.16"]
[Round "7"]
[White "Gunawan, Ronny"]
[Black "Keene, Raymond"]
[Result "1/2-1/2"]
[WhiteElo "2345"]
[BlackElo "2505"]
[PlyCount "73"]
[EventDate "1982.02.09"]
[EventType "tourn"]
[EventRounds "25"]
[EventCountry "INA"]
[EventCategory "9"]
[SourceTitle "MCD"]
[Source "ChessBase"]
[SourceDate "1999.07.01"]
[SourceVersion "1"]
[SourceVersionDate "1999.07.01"]
[SourceQuality "1"]

1. d4 d5 2. c4 Nc6 3. Nc3 dxc4 4. d5 Ne5 5. f4 Ng6 6. e4 e6 7. dxe6 Qxd1+ 8. Kxd1 fxe6 9. Bxc4 Bd7 10. Nf3 0-0-0 11. Kc2 Nh6 12. g3 Bc5 13. Re1 Rde8 14. Be3 Bxe3 15. Rxe3 Kb8 16. Rd1 Bc8 17. b4 Rhf8 18. Kb3 Nf7 19. e5 Ne7 20. Nd4 Nd8 21. Ne4 Nd5 22. Red3 Nb6 23. Bb5 Re7 24. R3d2 Nd5 25. Bf1 Ne3 26. Re1 Nxf1 27. Rxf1 b6 28. b5 Bb7 29. Re1 c5 30. bxc6 Nxc6 31. Nxc6+ Bxc6 32. Nd6 g6 33. Rc1 Rc7 34. Rdc2 Bd5+ 35. Kb4 Rxc2 36. Rxc2 a6 37. a4 1/2-1/2

[Event "First Lady of Indonesia Cup"]
[Site "Surakarta"]
[Date "1982.02.14"]
[Round "5"]
[White "Miles, Anthony John"]
[Black "Keene, Raymond"]
[Result "1/2-1/2"]
[WhiteElo "2575"]
[BlackElo "2505"]
[PlyCount "69"]
[EventDate "1982.02.09"]
[EventType "tourn"]
[EventRounds "25"]
[EventCountry "INA"]
[EventCategory "9"]
[SourceTitle "MCD"]
[Source "ChessBase"]
[SourceDate "1999.07.01"]
[SourceVersion "1"]
[SourceVersionDate "1999.07.01"]
[SourceQuality "1"]

1. g3 g6 2. Bg2 Bg7 3. d4 d6 4. e4 Nc6 5. Ne2 Bg4 6. Be3 Bxe2 7. Kxe2 Nf6 8. h3 0-0 9. c3 e5 10. d5 Ne7 11. g4 Qd7 12. c4 h5 13. f3 Nh7 14. Nc3 h4 15. b4 f5 16. Qa4 Qd8 17. Rhc1 fxe4 18. fxe4 g5 19. Rf1 Ng6 20. Rf5 Nf4+ 21. Kf1 Rxf5 22. exf5 Nf6 23. Rd1 b6 24. Qa6 e4 25. Bxf4 gxf4 26. Nxe4 f3 27. Bxf3 Nxe4 28. Bxe4 Qe7 29. Re1 Bc3 30. Re3 Bxb4 31. Qa4 Bc5 32. Re1 Qe5 33. Qd1 Qh2 34. Qf3 Re8 35. f6 1/2-1/2

[Event "Telechess ol2 8182"]
[Site "telex"]
[Date "1981.11.28"]
[Round "2.4"]
[White "Keene, Raymond"]
[Black "Hjartarson, Johann"]
[Result "1-0"]
[WhiteElo "2490"]
[BlackElo "2405"]
[PlyCount "85"]
[EventDate "1981.06.30"]
[EventType "team-k.o."]
[EventRounds "4"]
[SourceTitle "EXT 2000"]
[Source "ChessBase"]
[SourceDate "1999.11.16"]
[SourceVersion "1"]
[SourceVersionDate "1999.11.16"]
[SourceQuality "1"]
[WhiteTeam "England"]
[BlackTeam "Iceland"]
[WhiteTeamCountry "ENG"]
[BlackTeamCountry "ISL"]

1. d4 Nf6 2. c4 e6 3. Nc3 Bb4 4. e3 c5 5. Bd3 Nc6 6. Nf3 Bxc3+ 7. bxc3 d6 8. e4 e5 9. h3 h6 10. 0-0 Bd7 11. dxc5 dxc5 12. Ne1 Na5 13. Nc2 Ba4 14. Qe2 Bxc2 15. Bxc2 Qc7 16. f4 Nc6 17. Be3 Nd7 18. Qg4 g6 19. Rad1 0-0-0 20. Rd5 h5 21. Qg5 f6 22. Qxg6 Ne7 23. Qg3 Nxd5 24. exd5 Nb6 25. fxe5 fxe5 26. Bg5 Rde8 27. Bg6 Ref8 28. Bf6 Rhg8 29. Bxe5 Rxf1+ 30. Kxf1 Qd7 31. Qf4 Nxc4 32. Qxc4 Rxg6 33. Qxc5+ Kd8 34. Qf8+ Qe8 35. Qf5 Qg8 36. d6 Qc4+ 37. Kg1 Qe6 38. Qxh5 Kd7 39. Qh7+ Ke8 40. Kh1 a6 41. Qc7 Rg5 42. Qb8+ Kf7 43. Qxb7+ 1-0

[Event "Manchester Benedictine op-04"]
[Site "Manchester"]
[Date "1981.09.09"]
[Round "6"]
[White "Keene, Raymond"]
[Black "Pytel, Krzysztof"]
[Result "1-0"]
[WhiteElo "2490"]
[BlackElo "2400"]
[PlyCount "111"]
[EventDate "1981.09.04"]
[EventType "swiss"]
[EventRounds "9"]
[EventCountry "ENG"]
[SourceTitle "EXT 2000"]
[Source "ChessBase"]
[SourceDate "1999.11.16"]
[SourceVersion "1"]
[SourceVersionDate "1999.11.16"]
[SourceQuality "1"]

1. d4 Nf6 2. c4 c5 3. d5 b5 4. Nf3 g6 5. Nbd2 bxc4 6. e4 d6 7. Bxc4 Bg7 8. 0-0 0-0 9. Rb1 Nbd7 10. Re1 Nb6 11. b3 Rb8 12. Bb2 Bg4 13. h3 Bxf3 14. Qxf3 Bh6 15. Qc3 Qc7 16. Bf1 Bg7 17. Qc2 a5 18. Bc3 Qa7 19. a4 Rfd8 20. Bb5 e6 21. Nc4 Nxc4 22. bxc4 Nh5 23. dxe6 fxe6 24. e5 Nf4 25. Qe4 Bxe5 26. Bxe5 dxe5 27. Qxe5 Qf7 28. Rb3 Rbc8 29. Rf3 Rd4 30. g3 Nd3 31. Qxe6 Qxe6 32. Rxe6 Rf8 33. Rxf8+ Kxf8 34. Re8+ Kg7 35. Ra8 Ne5 36. Rxa5 Nxc4 37. Ra7+ Kh6 38. Rc7 Nb2 39. a5 Rd1+ 40. Kg2 Ra1 41. a6 c4 42. a7 c3 43. Bc6 c2 44. a8Q Rxa8 45. Bxa8 Nd3 46. Bd5 c1Q 47. Rxc1 Nxc1 48. Bc4 Kg5 49. Kf3 Kf5 50. Ke3 g5 51. g4+ Ke5 52. Bg8 h6 53. f3 Kd6 54. Kd2 Ke5 55. Kxc1 Kf4 56. Bd5 1-0